| 000 | 00379nam a2200157Ia 4500 | ||
|---|---|---|---|
| 008 | 230711s9999||||xx |||||||||||||| ||und|| | ||
| 041 | _aENG | ||
| 082 |
_a20 _bNU-M |
||
| 100 | _aNunnally, S. W | ||
| 245 | 0 | _aMachinery handbook | |
| 250 | _a5th Ed. | ||
| 260 |
_c1988 _aNew York _bIndustrial Press |
||
| 650 | _aElectrical Engineering | ||
| 700 | _aNunnally,Joan A. | ||
| 942 | _cBK | ||
| 999 |
_c589 _d589 |
||